Abandons Tour de France 2025 - Statistiques

Statistiques générales
  • Ce quiz a été pris 83 fois
    51 depuis la dernière actualisation
  • Le résultat moyen est 11 sur 24
Statistiques - réponses
Nationalité Réponse % Correct
Italie Filippo Ganna
88%
Belgique Jasper Philipsen
88%
Portugal Joao Almeida
82%
Belgique Remco Evenepoel
76%
Suisse Stefan Bissegger
76%
Pays-Bas Mathieu Van Der Poel
71%
France Bryan Coquard
62%
Espagne Enric Mas
56%
Espagne Carlos Rodriguez
47%
Danemark Mattias Skjelmose
47%
Allemagne Georg Zimmermann
41%
Norvège Soren WAERENSKJOLD
41%
France Emilien Jeanniere
38%
Australie Jack Haig
38%
Irlande Edward Dunbar
35%
Italie Mattias Cattaneo
32%
Belgique Steff Cras
29%
Belgique Lennert VAN EETVELT
26%
France Cyril Barthe
24%
Pays-Bas Danny Van Poppel
24%
Belgique Jasper De Buyst
24%
Pays-Bas Marijn Van Den Berg
18%
Kazakhstan Yevgeniy Federov
18%
Pays-Bas Cees Bol
12%
Aucun quiz correspondant
Distribution des résultats
% des personnes avec chaque résultat
Percentile par nombre de réponses
Votre historique - résultats
Vous n’avez pas pris ce quiz depuis la dernière actualisation